000 00673nam a2200229Ia 4500
003 OSt
005 20220925231544.0
006 a|||||r|||| 00| 0
007 ta
008 220923b |||||||| |||| 00| 0 eng d
037 _cGeneral Book
040 _aRTL
_cRTL
_beng
041 _2eng
_aeng
082 _aX71.235. N89 - N88, M8.1/GD
110 _aMaharashtra (Government of-)
245 0 _aBudget Memorandum1988-89.
260 _aMaharastra
_bGovernment Maharashtra
_c1988
300 _axix; 456p.
_ccm.
700 _aMaharashtra (Government of-)
942 _hX71.235. N89 - N88, M8.1/GD
_cGB
_2CC
999 _c588834
_d588834